000 00355nam a2200145 a 4500
005 20140414131844.0
008 100520s19uu xx 00 eng d
050 _aM 025.5
_bJ12 1997
100 _aJackson, Candace
245 _aA treasure hunt in my library.
260 _bMuseum Mania,
_c1997.
300 _a43
650 _aLibrary
999 _c109842
_d109842